Process Engineering.For Manufacturing./Donald F.Eary (Registro nro. 21916)
[ vista simple ]
| 000 -LÍDER | |
|---|---|
| fixed length control field | 00464nam a2200169 4500 |
| 008 - ELEMENTOS DE LONGITUD FIJA -- INFORMACIÓN GENERAL | |
| fixed length control field | 0 1962 0a 000 0usa |
| 020 ## - NÚMERO INTERNACIONAL NORMALIZADO PARA LIBROS | |
| ISBN | 0-13-723122-9 |
| 050 ## - SIGNATURA TOPOGRAFICA DE LA BIBLIOTECA DEL CONGRESO (LC) | |
| Número de Clasificación | TS205 E518 |
| 082 ## - NUMERO DE CLASIFICACION DECIMAL DEWEY | |
| Número de Clasificación | 670 E375p |
| 100 ## - ASIENTO PRINCIPAL--NOMBRE PERSONAL | |
| Nombre personal | Eary,Donald F. |
| 245 ## - TÍTULO | |
| Título | Process Engineering.For Manufacturing./Donald F.Eary |
| 260 ## - PUBLICACIÓN, DISTRIBUCIÓN, ETC. (PIE DE IMPRENTA) | |
| Lugar de publicación, distribución, etc. | USA:Prentice-Hall |
| 300 ## - DESCRIPCIÓN FÍSICA | |
| Extensión | 760p./23cm |
| 500 ## - NOTA GENERAL | |
| Nota general | Incluye index |
| 650 ## - ASIENTO SECUNDARIO DE MATERIA - TERMINO TEMÁTICO | |
| Término temático o nombre geográfico como elemento de entrada | 1.PROCESOS DE MANUFACTURA |
| 700 ## - ASIENTO SECUNDARIO - NOMBRE PERSONAL | |
| Nombre personal | Johnson,Gerald E. |
| No. biblioteca | No. biblioteca | Número de clasificación | Código de barras/Número de adquisición | Número de copia | Tipo de material |
|---|---|---|---|---|---|
| LUIS G. INCLAN | LUIS G. INCLAN | 670 E375p | 7131 | 1 | Libros |
| LUIS G. INCLAN | LUIS G. INCLAN | 670 E375p | 7132 | 2 | Libros |
